000 00347 a2200109 4500
001 ART_3336
005 20260410161714.0
008 260409a
245 1 0 _aJosé Luis Romero y su lugar en la historiografía
100 1 _aHalperin Donghi, Tulio
773 0 _tDesarrollo económico
_g- Vol. 20, Nº 78 (jul./sep. 1980)
_wREV1174
999 _c16338
_d16338